Mechanika a termomechanika pro elektroenergetiku

Saved in:
Bibliographic Details
Main Author Nožička, Jiří, 1926- (Author)
Format Book
LanguageCzech
Published Praha : Státní nakladatelství technické literatury, 1987
Edition1. vyd.
Subjects
Physical Description441 s. : il. ; 24 cm

Cover

LEADER 00000cam a2200000 4500
001 50268
003 CZ-ZlUTB
005 20190826001328.0
007 tu
008 871126s1987 xr a e 000 0 cze d
035 |a (OCoLC)39411885 
040 |a ABA001  |b cze  |d ABA001  |d ZLD002 
072 7 |a 531  |x Obecná mechanika. Mechanika pevných a tuhých těles  |2 Konspekt  |9 6 
080 |a 531/534  |2 MRF 
080 |a 621.31  |2 MRF 
080 |a 536  |2 MRF 
080 |a (075.8)  |2 MRF 
100 1 |a Nožička, Jiří,  |d 1926-  |7 jk01090827  |4 aut 
245 1 0 |a Mechanika a termomechanika pro elektroenergetiku /  |c Jiří Nožička a kol. 
250 |a 1. vyd. 
260 |a Praha :  |b Státní nakladatelství technické literatury,  |c 1987 
300 |a 441 s. :  |b il. ;  |c 24 cm 
504 |a Obsahuje bibliografii 
650 0 4 |a Obecná mechanika. Mechanika pevných a tuhých těles 
650 0 7 |a termomechanika  |7 ph126604  |2 czenas 
650 0 7 |a elektroenergetika  |7 ph119871  |2 czenas 
655 7 |a učebnice vysokých škol  |7 fd133772  |2 czenas 
910 |a ZLD002 
952 |0 0  |1 0  |4 0  |6 531NOŽIČKAJ  |7 0  |8 BOOK  |9 90111  |a UTBZL  |b UTBZL  |c 030  |d 2008-12-23  |l 0  |o 531/NOŽIČKA,J.  |p 420010121649  |r 2019-08-26 00:00:00  |v 34.00  |w 2019-08-26  |x N: převod Svit | 20100831  |y 05 
992 |a BK  |b SK 
999 |c 50268  |d 50268